000 00619nam a22002297a 4500
003 UA-OsUOA
001 98257
007 ta
008 20130411b un ||||| |||| 00| 0 ukr d
100 _aРабинович М.
090 _a821.161.1
_bР12
942 _cBK
040 _aUA-OsUOA
_brus
_cUA-OsUOA
_dUA-OsUOA
245 _aСудьбы вещей
_bрассказы
300 _a223 с.
955 _a3
041 _arus
080 _a821.161.1
260 _aМ.
_bДетская литература
_c1984
650 7 _a82 Література. Літературознавство
_2UDC
999 _c384726
_d384726